| 000 | 00539nam a22002057a 4500 | ||
|---|---|---|---|
| 003 | OSt | ||
| 005 | 20171020195735.0 | ||
| 008 | 131030b xxu||||| |||| 00| 0 eng d | ||
| 020 | _a9-7893-8267-6072 | ||
| 040 |
_aLDCLIB _cLDCLIB |
||
| 082 |
_221 _a341.481 _bAGA |
||
| 100 | _aAgarwal, H.O. | ||
| 245 |
_aHuman Rights / _c H.O. Agarwal. |
||
| 250 | _a14th ed. | ||
| 260 |
_aDarbhanga : _bCentral law publications. _c2013 |
||
| 300 |
_axxiv, 412 p. ; _c23 cm. |
||
| 500 | _aIncludes Index | ||
| 650 | _aHuman rights | ||
| 942 |
_2ddc _cBK |
||
| 999 |
_c5815 _d5815 |
||